COMBINED FORWARD-FLYBACK-CONVERTER WITH ONLY TWO DIODES - FUNCTION AND MODELLING

Bibliographic Details
Main Authors: Himmelstoss, Felix A. (Author), Votzi, Helmut L. (Author)
Format: Article
Language:English

MARC

LEADER 00000nab a2200000ua 4500
001 vtls010859247
003 SK-MaSNL
005 20260303191337.0
008 230218s2011 xo |||||||||||||||||eng|
035 |a (urnnbn)urn:nbn:sk:snk:ar-a082re 
035 |a urn:nbn:sk:snk-ab6how 
035 |a (uuid)075d8fd1-adf6-48b6-971d-5809117850ce 
040 |a SNKBUCL  |b slo  |c SNKBUCL  |e AACR2 
041 0 |a eng 
044 |a xo  |c SK 
100 1 |a Himmelstoss, Felix A.  |4 aut  |9 824210 
245 1 0 |a COMBINED FORWARD-FLYBACK-CONVERTER WITH ONLY TWO DIODES - FUNCTION AND MODELLING  |c Felix A. Himmelstoss, Helmut L. Votzi 
700 1 |a Votzi, Helmut L.  |4 aut  |9 1220617 
773 0 |t Komunikácie : vedecké listy Žilinskej univerzity  |g Roč. 13, č. 2A (2011), s. 6-12 
958 |a OND 
958 |a EUIPO 
958 |a article5 
999 |c 2140821  |d 2142751